000 00414nam a2200169Ia 4500
008 230524s9999 xx 000 0 und d
020 _a8120306511
082 _a621.395
_bFLE
100 _aWilliam I.Flether
245 3 _aAn Engineering Approach to Digital Design
250 _a2nd
260 _aNEW DELHI
_bPHI
_c2002
300 _a766
500 _aQuantity Number: 3
650 _aElectronics
942 _cBK
999 _c3882
_d3882